000 00549nam a22001457a 4500
082 _a610
100 _aAhmed, Umair
_9119919
245 _aDesign and Development of Visual Inspection System of the stent using Image Processing Technique /
_cUmair Ahmed
264 _aIslamabad :
_bSMME- NUST;
_c2023.
300 _a80p.
_bSoft Copy
_c30cm
650 _aMS Biomedical Engineering (BME)
_9119509
700 _aSupervisor : Dr. Murtaza Najabat Ali
_9119580
856 _uhttp://10.250.8.41:8080/xmlui/handle/123456789/35376
942 _2ddc
_cTHE
999 _c607431
_d607431